| 000 | 00425nam a2200145Ia 4500 | ||
|---|---|---|---|
| 008 | 230917s9999||||xx |||||||||||||| ||und|| | ||
| 040 |
_e210559 _aMAIN |
||
| 041 | _aEnglish | ||
| 082 | _a891.431721 SR19S | ||
| 100 | _aसुमन देवी | ||
| 245 | 0 | _aरघुवीर सहाय के काव्य में संघर्ष-चेतना | |
| 260 | _c2012 | ||
| 300 | _a459 पृ. p. | ||
| 942 | _cTH | ||
| 999 |
_c125792 _d125792 |
||